Statistics for WW2 Deaths By Countries

Click here to take the quiz!

General Stats

  • This quiz has been taken 3,725 times
    (3,702 since last reset)
  • The average score is 16 of 21

Answer Stats

Military Civilian Country % Correct
10,000,00010,000,000USSR
99%
400,00012,000United States
98%
4,500,0001,000,000Germany
98%
2,000,000350,000Japan
96%
326,00062,000Great Britain
95%
250,000350,000France
95%
3,500,0008,500,00China
92%
330,00080,000Italy
92%
240,0004,880,000Poland
91%
39,700700Australia
75%
12,10076,000Belgium
71%
17,000198,000Netherlands
69%
240,000290,000Hungary
68%
300,000500,000Romania
67%
95,0002,000Finland
64%
20,000140,000Greece
63%
230,000120,000Austria
59%
300,0001,400,000Yugoslavia
58%
24,00013,000India
55%
25,000300,000Czechoslovakia
37%
---------------400,000Korea
27%

Score Distribution

Percentile by Number Answered

Percent of People with Each Score

Your Score History

You have not taken this quiz since the last reset